[Event "British Rapidplay"]
[Site "Peterborough"]
[Date "2024.03.03"]
[Round "7"]
[White "Kennedy, Craig"]
[Black "Keshari, Rohit"]
[Result "1-0"]
[WhiteElo "1886"]
[BlackElo "1647"]
[PlyCount "73"]
[EventDate "2024.03.02"]
[EventType "swiss (rapid)"]
[EventRounds "11"]
[EventCountry "ENG"]
[SourceTitle "CB10_2024"]
[SourceDate "2024.03.06"]
[SourceVersion "1"]
[SourceVersionDate "2024.03.06"]
[SourceQuality "1"]

1. e4 e6 2. d4 d5 3. e5 c5 4. c3 Nc6 5. Nf3 Bd7 6. Bd3 Qb6 7. 0-0 cxd4 8. Re1 Bc5 9. b4 Be7 10. b5 Na5 11. Nxd4 Bc5 12. Be3 Nc4 13. Bxc4 dxc4 14. a4 Ne7 15. Nd2 Bxd4 16. Bxd4 Qc7 17. Ne4 Nf5 18. g4 Nxd4 19. Nd6+ Ke7 20. Qxd4 Rhd8 21. Qe4 Bc8 22. Qxh7 Rxd6 23. exd6+ Qxd6 24. Rad1 Qf4 25. Qxg7 b6 26. Rd4 Qf3 27. Qg5+ Qf6 28. Qxf6+ Kxf6 29. Rxc4 Bb7 30. f4 Bd5 31. Rc7 a6 32. Kf2 axb5 33. axb5 Ra2+ 34. Re2 Ra5 35. g5+ Kg7 36. c4 Ra4 37. Ke1 1-0

[Event "Daventry 4NCL Easter op-C 2nd"]
[Site "Daventry"]
[Date "2022.04.16"]
[Round "2"]
[White "Keshari, Rohit"]
[Black "Matilal, Tamal"]
[Result "1-0"]
[WhiteElo "1182"]
[BlackElo "1451"]
[PlyCount "87"]
[EventDate "2022.04.15"]
[EventType "swiss"]
[EventRounds "7"]
[EventCountry "ENG"]
[SourceTitle "CBM 207 Extra"]
[Source "ChessBase"]
[SourceDate "2022.05.31"]
[SourceVersion "1"]
[SourceVersionDate "2022.05.31"]
[SourceQuality "1"]

1. d4 c5 2. e3 cxd4 3. exd4 Nf6 4. Bd3 Nc6 5. c3 e5 6. dxe5 Nxe5 7. Nf3 Nxd3+ 8. Qxd3 Qe7+ 9. Be3 d5 10. 0-0 Ne4 11. Qxd5 Qe6 12. Qd3 Bd6 13. Re1 0-0 14. Bd2 f5 15. Ng5 Qh6 16. Qd5+ Be6 17. Qxe6+ Qxe6 18. Nxe6 Rf6 19. Nd4 Re8 20. f3 Ref8 21. fxe4 fxe4 22. Be3 h6 23. Nd2 Re8 24. Nb5 Bb8 25. Rf1 Ra6 26. a3 g5 27. Rf5 Rg6 28. Raf1 a6 29. Nd4 b5 30. Rf6 Kg7 31. Rxg6+ Kxg6 32. N2b3 Bc7 33. Rf5 a5 34. Rxb5 a4 35. Nd2 Bf4 36. Rb6+ Kh5 37. Nf5 Kg4 38. Nxh6+ Kh5 39. Nf5 Kg4 40. Rb5 Be5 41. Nh6+ Kh5 42. Nf7 Bb8 43. Rxg5+ Kh4 44. Bf2+ 1-0